00370nam a22001217a 450000500170000002000260001703700080004310000270005124500440007826000400012227000650016230000210022720111220115537.0 a9789381497005c125.00 bPUB aTagore, Rabindra Nath  aCabuliwallah /cby Rabindra Nath Tagore aDelhi bAakanksha Parkashan c2011 aF-15A, Vijay Block, Vikas Marg, Laxmi Nagar bDelhi e110092 a62p. c23cm(Hb)